| 000 | 00473nam a2200193Ia 4500 | ||
|---|---|---|---|
| 005 | 20240823052253.0 | ||
| 008 | 240823s9999||||xx |||||||||||||| ||und|| | ||
| 020 | _a978-93-8116-218-7 | ||
| 041 | _aENGLISH | ||
| 082 | _A621.402 Q1 | ||
| 100 | _aBalaji C | ||
| 245 | 0 | _aEssentials of Thermal system Design and optimization | |
| 250 | _a1st | ||
| 260 |
_c2011 _bAne Books Pv |
||
| 500 | _aYES | ||
| 650 |
_aOptimization _bMechanical |
||
| 942 | _cBK | ||
| 999 |
_c221476 _d221476 |
||